Modelos mixtos generalizados para el estudio del desempleo en los grandes aglomerados ubanos de Argentina (Registro nro. 31590)

Detalles MARC
000 -LEADER
fixed length control field 00442 a2200121 4500
001 - CONTROL NUMBER
control field ART_34368
005 - DATE AND TIME OF LATEST TRANSACTION
control field 20260410162004.0
008 - FIXED-LENGTH DATA ELEMENTS--GENERAL INFORMATION
fixed length control field 260409a
100 1# - MAIN ENTRY--PERSONAL NAME
Personal name Díaz, Margarita
245 10 - TITLE STATEMENT
Title Modelos mixtos generalizados para el estudio del desempleo en los grandes aglomerados ubanos de Argentina
700 1# - ADDED ENTRY--PERSONAL NAME
Personal name García, Fernando
773 0# - HOST ITEM ENTRY
Title Revista de economía y estadística
Related parts - Vol. XLIX, Nº 1 (jun. 2011)
Record control number REV34359

No hay ítems disponibles.